000 002680000a22000970004500
100 1 _aMiranda, Gabriela
245 1 0 _aLa guerra sucia del agua embotellada
300 _aVol.26, núm.1 (Primer semestre, 2006), Páginas 83-93
773 0 _tVida y Pensamiento
942 _cANA
999 _c61527
_d61527